| 000 | 00000nam##2200000za#4500 |
| 001 | 9.573985 |
| 003 | CaOODSP |
| 005 | 20210624183949 |
| 007 | cr ||||||||||| |
| 008 | 150406|1997||||xxc|||||o f|0| 0 eng|d |
| 022 | |a1488-5379 |
| 040 | |aCaOODSP|beng |
| 043 | |an-cn--- |
| 086 | 1 |aFs97-6/2182E-PDF |
| 110 | 1 |aCanada. |bDepartment of Fisheries and Oceans. |
| 245 | 10|aAquatic insects in the Tomogonops and adjacent NW Miramichi Rivers : |h[electronic resource]|b1996 sampling / |cby R.H. Peterson ... [et al.]. |
| 260 | |aSt. Andrews - New Brunswick : |bFisheries and Oceans Canada |cc1997. |
| 300 | |a15p.|bfig., tables |
| 490 | 1 |aCanadian technical report of fisheries and aquatic sciences|x1488-5379|vNo. 2182 |
| 500 | |aThe catalogue number (Fs97-6/2182E) and ISSN (0706-6457) for the print edition have been incorrectly copied in this electronic publication. |
| 546 | |a(Résumé en français) |
| 590 | |a12-21-Supp|b2012-05-18 |
| 720 | 1 |aPeterson, R. H. |
| 776 | 0#|tAquatic insects in the Tomogonops and adjacent NW Miramichi Rivers : |w(CaOODSP)9.614245 |
| 830 | #0|aCanadian technical report of fisheries and aquatic sciences,|x1488-5379|vNo. 2182|w(CaOODSP)9.504449 |
| 856 | 40|ahttp://publications.gc.ca|qPDF|s1.30 MB|uhttps://publications.gc.ca/collections/collection_2012/mpo-dfo/Fs97-6-2182-eng.pdf|yNo. 2182 |